[Event "AUTO-INT-2847"]
[Site "http://www.queenalice.com/game.php?id=1277155"]
[Date "2014.4.28"]
[Round "1"]
[White "vandany"]
[Black "od_xavier"]
[Result "0-1"]
[WhiteElo "1418"]
[BlackElo "1604"]

1. e4 e5 2. Nf3 Nc6 3. Nc3 Nf6 4. Bc4 Bc5 5. O-O d6 6. Re1 Bg4 7. d3 Nd4 8. Bb5+
c6 9. Bc4 O-O 10. Na4 b5 11. Bb3 bxa4 12. Bxa4 h6 13. Bxc6 Nxc6 14. Be3 Bxe3 15.
Rxe3 Nd4 16. h3 Nxf3+ 17. Kf1 Nh2+ 18. Kg1 Bxd1 19. Rxd1 Qb6 20. Rde1 Nhg4 21.
f3 Nxe3 22. Re2 Nxc2+ 23. Kh2 Qxb2 24. g3 Qxa2 25. f4 Rac8 26. f5 Rc3 0-1

[Event "Challenge"]
[Site "http://www.queenalice.com/game.php?id=1283354"]
[Date "2014.5.22"]
[Round "-"]
[White "Meauxchess"]
[Black "vandany"]
[Result "1-0"]
[WhiteElo "2472"]
[BlackElo "1461"]

1. b4 e5 2. Bb2 Nc6 3. b5 Nce7 4. Bxe5 d6 5. Bb2 Bd7 6. e3 c6 7. bxc6 Bxc6 8.
Nf3 Nf6 9. Bxf6 gxf6 10. Nc3 d5 11. Rb1 b6 12. Nb5 Nf5 13. Nfd4 Qd7 14. Nxc6
Qxc6 15. Nd4 Qd7 16. Bb5 Qxb5 17. Nxb5 Rc8 18. Nxa7 Rc5 19. Rxb6 Nd6 20. Nc6 Nc8
21. Ra6 Be7 22. Qg4 f5 23. Qxf5 O-O 24. Qg4+ Kh8 25. Nxe7 Nxe7 26. Qd4+ f6 27.
Qxc5 Rc8 28. Qxe7 1-0

[Event "AUTO-INT-2870"]
[Site "http://www.queenalice.com/game.php?id=1289230"]
[Date "2014.6.19"]
[Round "1"]
[White "vandany"]
[Black "leandrovinsk"]
[Result "1-0"]
[WhiteElo "1426"]
[BlackElo "1464"]

1. e4 c5 2. c4 d6 3. Nc3 Nc6 4. Nf3 g6 5. d4 cxd4 6. Nxd4 Bg7 7. Be3 Qb6 8. Ncb5
Be6 9. b3 Nxd4 10. Nxd4 Nf6 11. Bd3 O-O 12. O-O Rad8 13. Re1 Ng4 14. h3 Nxe3 15.
fxe3 Qb4 16. Nb5 Bxa1 17. Rf1 Be5 18. Be2 Qc5 19. Qd3 a6 20. Nd4 Qc8 21. Bg4 Qc5
22. Rf2 b5 23. Bxe6 fxe6 24. Nxe6 bxc4 25. Nxc5 cxd3 26. Nxd3 Rxf2 27. Nxf2 Kf7
28. Kf1 1-0

[Event "AUTO-INT-2870"]
[Site "http://www.queenalice.com/game.php?id=1289231"]
[Date "2014.6.19"]
[Round "1"]
[White "leandrovinsk"]
[Black "vandany"]
[Result "0-1"]
[WhiteElo "1483"]
[BlackElo "1407"]

1. c4 c5 2. Nc3 Nf6 3. d3 d6 4. g3 Nc6 5. Bg2 e5 6. Bg5 Be7 7. Qa4 O-O 8. e3 Nb4
9. Bxf6 Bxf6 10. Nge2 Nxd3+ 11. Kd2 Nxb2 12. Qb3 Qb6 13. Qc2 Nxc4+ 14. Ke1 Re8
15. Rb1 Qa5 16. Bxb7 Bxb7 17. Rxb7 Na3 18. Qb3 c4 19. Qb2 Qa6 20. Kd2 Rab8 21.
Rxb8 Bd8 22. h4 h6 23. Nd5 Qa5+ 24. Nec3 a6 25. Ke2 Kf8 26. f4 Bc7 27. Nxc7 Rc8
0-1

[Event "Challenge"]
[Site "http://www.queenalice.com/game.php?id=1363928"]
[Date "2015.6.6"]
[Round "-"]
[White "Meauxchess"]
[Black "vandany"]
[Result "1-0"]
[WhiteElo "2455"]
[BlackElo "1405"]

1. b4 b5 2. Bb2 Bb7 3. Nf3 Nf6 4. e3 e6 5. Bxb5 Bxb4 6. O-O O-O 7. a3 a6 8. Be2
Be7 9. c4 c5 10. d4 d5 11. Nc3 Bc6 12. cxd5 exd5 13. Ne5 Nbd7 14. Nxc6 Qe8 15.
Ne5 Rb8 16. Rb1 Qd8 17. Nxd7 Qxd7 18. Bxa6 Qf5 19. Bd3 Qe6 20. dxc5 Bxc5 21. Ba1
Bxa3 22. Rxb8 Rxb8 23. Na4 Bd6 24. Bd4 h6 25. f3 Nd7 26. Qc2 Qe8 27. Bf5 Rb4 28.
Nb2 Nb6 29. Nd3 Nc4 30. Re1 Qc8 31. Bxc8 Rb5 32. Ba6 Rb8 33. Rb1 Rxb1+ 34. Qxb1
Na3 35. Qb6 Be7 36. Qb7 Bf8 37. Qxd5 Be7 38. Ne5 g6 39. Qxf7+ Kh8 40. Nxg6# 1-0

[Event "Invitation"]
[Site "http://www.queenalice.com/game.php?id=1364523"]
[Date "2015.6.9"]
[Round "-"]
[White "vandany"]
[Black "Meauxchess"]
[Result "0-1"]
[WhiteElo "1407"]
[BlackElo "2454"]

1. e4 e6 2. Nf3 Nc6 3. Bb5 Nf6 4. d3 d6 5. Nc3 Bd7 6. Be3 Be7 7. O-O O-O 8. Re1
Ne5 9. Bc4 Nxc4 10. dxc4 Bc6 11. Qd3 a6 12. a3 Qe8 13. h3 Nd7 14. Qd4 Bf6 15.
Red1 Bxd4 16. Nxd4 Nb6 17. b3 Bd7 18. Rf1 e5 19. Nf3 f5 20. exf5 Bxf5 21. Nd5
Nxd5 22. cxd5 Be4 23. Rfc1 Bxd5 24. c4 Bxf3 25. gxf3 Rxf3 26. Kg2 Qf7 27. Rf1
Rf5 28. Rae1 Qg6+ 29. Kh1 Qh5 30. Kh2 Rf3 31. Rg1 Qxh3# 0-1

[Event "Challenge"]
[Site "http://www.queenalice.com/game.php?id=1373269"]
[Date "2015.7.25"]
[Round "-"]
[White "Meauxchess"]
[Black "vandany"]
[Result "1-0"]
[WhiteElo "2457"]
[BlackElo "1444"]

1. b4 e5 2. Bb2 Nc6 3. b5 Na5 4. Bxe5 d6 5. Bc3 Nc4 6. e3 Ne5 7. Nf3 Ng6 8. Be2
Be7 9. Bxg7 Bf6 10. Bxh8 Bxh8 11. Nc3 N8e7 12. d4 Bf6 13. O-O Bf5 14. Bd3 Be6
15. a4 a6 16. Rb1 Nd5 17. Nxd5 Bxd5 18. Nd2 Qd7 19. c4 Be6 20. Qf3 axb5 21. Qxf6
Rxa4 22. cxb5 Ba2 23. Ra1 Qxb5 24. Bxb5+ Kf8 25. Bxa4 1-0

[Event "Challenge"]
[Site "http://www.queenalice.com/game.php?id=1373270"]
[Date "2015.7.25"]
[Round "-"]
[White "vandany"]
[Black "Meauxchess"]
[Result "0-1"]
[WhiteElo "1415"]
[BlackElo "2458"]

1. e4 e6 2. Nf3 d5 3. Nc3 d4 4. Ne2 c5 5. c3 dxc3 6. Nxc3 Nf6 7. d4 cxd4 8. Nxd4
Bb4 9. Bd2 Bxc3 10. Bxc3 Nxe4 11. Bd3 Nc5 12. O-O O-O 13. Be2 Qb6 14. Qc1 Nc6
15. Qe3 Ne7 16. Qe5 Ng6 17. Qe3 Na4 18. Qc1 Bd7 19. Qc2 Nxc3 20. Qxc3 Rac8 21.
Qb3 Qxd4 22. Qxb7 Ne5 23. Bb5 Bxb5 24. Qxb5 Rb8 25. Qe2 Rxb2 26. Qa6 Rxf2 27. h3
Rxa2+ 28. Kh1 Rxa6 29. Rxa6 Nd3 30. Rc6 Nf4 31. Kh2 Nxg2 32. Rf3 Nh4 33. Rf1
Qe5+ 34. Kh1 Qe4+ 35. Kg1 Qg2# 0-1

[Event "AUTO-INT-3029"]
[Site "http://www.queenalice.com/game.php?id=1373658"]
[Date "2015.7.27"]
[Round "1"]
[White "brettsinclair"]
[Black "vandany"]
[Result "1-0"]
[WhiteElo "1798"]
[BlackElo "1413"]

1. e4 e5 2. Nf3 Nf6 3. Nc3 c6 4. a3 d6 5. Be2 Be7 6. O-O O-O 7. d4 c5 8. dxc5
dxc5 9. Nxe5 Bd6 10. f4 Bd7 11. Nd3 c4 12. Ne1 a6 13. e5 Bc5+ 14. Kh1 Qe7 15.
exf6 Qxf6 16. Bxc4 1-0

[Event "AUTO-INT-3029"]
[Site "http://www.queenalice.com/game.php?id=1373659"]
[Date "2015.7.27"]
[Round "1"]
[White "vandany"]
[Black "brettsinclair"]
[Result "0-1"]
[WhiteElo "1411"]
[BlackElo "1811"]

1. e4 c5 2. Nf3 d6 3. Bc4 e6 4. d3 Bd7 5. Nc3 a6 6. Bf4 e5 7. Be3 Be7 8. Qd2 Nf6
9. O-O O-O 10. Nd5 Nxd5 11. Bxd5 Nc6 12. b3 b5 13. c4 b4 14. h3 Kh8 15. Bg5 f6
16. Be3 Rb8 0-1

[Event "AUTO-INT-3029"]
[Site "http://www.queenalice.com/game.php?id=1373670"]
[Date "2015.7.27"]
[Round "1"]
[White "Zodiac"]
[Black "vandany"]
[Result "1-0"]
[WhiteElo "1768"]
[BlackElo "1442"]

1. e4 e5 2. Nf3 Nf6 3. Nc3 Nc6 4. d4 Be7 5. d5 Bc5 6. Na4 d6 7. dxc6 bxc6 8.
Nxc5 dxc5 9. Qxd8+ Kxd8 10. Bg5 Be6 11. Nxe5 Ke7 12. Nxc6+ Ke8 13. Bb5 Nxe4 14.
Ne5+ Kf8 15. Bc6 1-0

[Event "AUTO-INT-3029"]
[Site "http://www.queenalice.com/game.php?id=1373671"]
[Date "2015.7.27"]
[Round "1"]
[White "vandany"]
[Black "Zodiac"]
[Result "0-1"]
[WhiteElo "1439"]
[BlackElo "1771"]

1. d4 d5 2. Nf3 e6 3. e3 Nf6 4. c3 Be7 5. Bd3 h6 6. Nbd2 Qd7 7. Ne5 Qd6 8. f3
Nbd7 9. f4 c6 10. c4 dxc4 11. Ndxc4 Qc7 12. O-O b5 13. Nd2 c5 14. Ne4 cxd4 15.
exd4 a6 0-1

[Event "AUTO-INT-3029"]
[Site "http://www.queenalice.com/game.php?id=1373676"]
[Date "2015.7.27"]
[Round "1"]
[White "glaubergouveia"]
[Black "vandany"]
[Result "1-0"]
[WhiteElo "1577"]
[BlackElo "1425"]

1. e4 e5 2. Nf3 Nc6 3. Bb5 Nf6 4. Nc3 Bb4 5. a3 Bd6 6. Bxc6 dxc6 7. d3 Qe7 8.
Be3 Be6 9. Bg5 O-O 10. Bxf6 Qxf6 11. Qe2 Rfe8 12. O-O-O Ba2 13. Nxa2 Bc5 14. b4
Bb6 15. c4 c5 16. b5 a6 17. Kd2 axb5 18. Ke1 bxc4 19. dxc4 1-0

[Event "AUTO-INT-3029"]
[Site "http://www.queenalice.com/game.php?id=1373677"]
[Date "2015.7.27"]
[Round "1"]
[White "vandany"]
[Black "glaubergouveia"]
[Result "0-1"]
[WhiteElo "1436"]
[BlackElo "1566"]

1. e4 e5 2. Nf3 Nc6 3. Bc4 h6 4. c3 Nf6 5. d3 Bc5 6. Be3 Bxe3 7. fxe3 Na5 8.
Nbd2 Nxc4 9. Nxc4 d6 10. O-O Bg4 11. Qb3 b6 12. Nfd2 Qd7 13. d4 Be2 14. Rfe1
Bxc4 15. Qxc4 c5 16. Qf1 Qg4 17. dxe5 dxe5 18. Qf5 Qh4 19. g3 Qh3 0-1